| 000 | 00330nam a2200133Ia 4500 | ||
|---|---|---|---|
| 005 | 20260328104303.0 | ||
| 008 | 260328s9999||||xx |||||||||||||| ||und|| | ||
| 100 | _aPhilippe, Darwin | ||
| 245 | 0 |
_aLas Claves de Ángeles y Demonios / _cDarwin Philippe |
|
| 260 | _bNowtilus | ||
| 300 | _a131 p. | ||
| 650 | _aCIENCIA | ||
| 942 | _cBK | ||
| 999 |
_c10671 _d10671 |
||